000
00302nam a2200109Ia 4500
008
230907s9999||||xx |||||||||||||| ||und||
082
_a
621.38154
_b
HEL
245
0
_a
Modern electronic instrumentation and measurement techniques /
260
_a
Pearson,
_b
Noida :
_c
2018
300
_a
414 p.
942
_c
BK
999
_c
600571
_d
600571